|
|
|
|
| LEADER |
00000nam a22000007a 4500 |
| 005 |
20170919181453.0 |
| 007 |
cr|||| |||| |
| 008 |
170919c20? 9999mx mr|| s|||| 0|| a1spa d |
| 035 |
|
|
|a 20379
|
| 040 |
|
|
|a vLex
|
| 090 |
|
|
|c 6988
|d 6988
|
| 245 |
0 |
0 |
|a Documentos de trabajo del Centro de Estudios sociales y de Opinin̤ Pb︢lica (CESOP)
|h [Recurso electrn̤ico]
|
| 256 |
|
|
|a Servicio en ln̕ea
|
| 260 |
|
|
|a Ciudad de Mx̌ico:
|b Cm̀ara de Diputados,
|c 20? -
|
| 310 |
|
|
|a Mensual
|
| 506 |
1 |
|
|a Contenido solo disponible en los productos indicados
|d vLex Global
|d vLex Global (Academic Edition, excluding Law Schools)
|d vLex Global (U.S. Academic Edition, Law Schools)
|d vLex Global (U.S. Academic Edition, excluding Law Schools)
|d vLex Global (Academic Edition, Law Schools)
|
| 650 |
0 |
4 |
|a Ciencias sociales
|z Mx̌ico
|
| 740 |
0 |
|
|a vLex Revistas (Servicio en ln̕ea)
|
| 856 |
4 |
0 |
|u http://vlex.com/source/documentos-de-trabajo-del-centro-de-estudios-sociales-y-de-opinion-publica-cesop--20379
|z Acceso restringido
|
| 942 |
|
|
|c REV
|
| 999 |
0 |
|
|a Social sciences
|